Cornwall A-Z - Statistics

General Stats
  • This quiz has been taken 490 times
    27 since last reset
  • The average score is 17 of 26
Answer Stats
Hint Answer % Correct
A Legendary king associated with Tintagel Castle Arthur
100%
D County across the Tamar Devon
96%
F Third-largest settlement Falmouth
92%
L One might set out for John o' Groats from here Land's End
88%
O Animal that can be found in Cornish rivers and seas Otter
88%
T The county's only city Truro
88%
E Tropical geodesic domes Eden Project
83%
I Food made by Kelly's and Callestick Farm Ice cream
79%
Q Delabole is home to a slate _____ Quarry
79%
S Popular activity introduced by Australians in N Surfing
79%
J Smuggler's inn made famous by Daphne du Maurier Jamaica Inn
75%
N Town that hosts the Boardmasters music festival Newquay
75%
W Bay near N (hint: Nixon) Watergate Bay
71%
K Cornish for Cornwall Kernow
67%
M Largest and most populous of the Scilly Isles St {Mary's}
67%
B Highest point in the county Brown Willy
63%
G Famous attraction in Heligan Lost {Gardens}
58%
R Village a ferry ride away from Padstow with a geological name Rock
58%
H Town nestled in St Ives Bay Hayle
46%
P Patron saint of Cornwall Piran
46%
Z Folktale set in a village west of St Ives The Mermaid of {Zennor}
38%
Y Cheese that is matured in nettle leaves Yarg
38%
X Mystical / New Age shop in Camborne (hint: Kublai Khan) Xanadu
33%
C Mythical founder of Cornwall; slayer of Gogmagog Corineus
29%
U The UK's first geothermal power plant, near Redruth {United} Downs
25%
V Village on the Roseland peninsula known for its round houses Veryan
21%
No matching quizzes found
Score Distribution
Percent of People with Each Score
Percentile by Number Answered
Your Score History
You have not taken this quiz since the last reset